00683nam a2200193 i 4500003000900000005001700009007000300026008004100029040003000070082001900100100004100119245007200160246005200232264005800284300005900342336002700401337003300428338002800461DO-SdBNP20250529104006.0ta250529b2024 dr ao||| |||| 00| 0 spa d aDO-SdBNPbspacBNPHUerda axxxxbS2322221 aSantana Reyes, Jasklyneautora4aut.14aMis primeros 3 meses :bguía de negocios /cJasklyn Santana Reyes1 aMis primeros tres meses :bguía de negocios / a[Santo Domingo] :b[editor no identificado],c[2024]. a52 páginas ;bilustraciones, fotografías c14 cm.  atextobtxt2rdacontent asin mediaciónbn2rdamedia avolumenbnc2rdacarrier